000 00339nam a2200133Ia 4500
008 240624s9999 xx 000 0 und d
041 _aeng
082 _a004.6 MAN
100 _aKATSAROS DIMITRIOS
245 _aWIRELESS INFORMATION HIGHWAYS
260 _c2005
_aLondon
_bIRM Press
300 _axvi, : 482 : p. : cm. ; 25
365 _c
_b30
999 _c16499
_d16499